Medzinárodné obchodné zvyklosti a ich význam v medzinárodnom obchode bakalárska práca

Gespeichert in:
Bibliographische Detailangaben
1. Verfasser: Marenčin, Michal
Körperschaft: Fakulta medzinárodných vzťahov EU. Katedra medzinárodného práva
Weitere Verfasser: Klenka, Michal
Format: Buch
Sprache:Slowakisch
Veröffentlicht: Bratislava 2018
Tags: Tag hinzufügen
Keine Tags, Fügen Sie das erste Tag hinzu!

MARC

LEADER 00000nbm a2200000 4500
001 0247272
005 20180924094119.9
041 0 |a slo 
044 |a SK 
245 1 0 |a Medzinárodné obchodné zvyklosti a ich význam v medzinárodnom obchode  |b bakalárska práca  |c Michal Marenčin ; školiteľ: Michal Klenka 
264 1 |a Bratislava  |c 2018 
300 |a 45 s. 
100 1 |a Marenčin, Michal 
700 1 |a Klenka, Michal 
710 2 |a Fakulta medzinárodných vzťahov EU. Katedra medzinárodného práva